000 00342nam a2200109Ia 4500
008 171204s9999 xx 000 0 und d
245 _ainancial Risk Modelling and Portfolio Optimization with R:
245 _cBernhard Pfaff
260 _c2016
650 _xFINANCIAL MANAGEMENT 1-14
856 _uhttp://down.ebook777.com/043/9781119119661.pdf
999 _c345712
_d345712